GeoGuessr : Connaissez-vous vos métas ? - 3 - Statistiques

Statistiques générales
  • Ce quiz a été pris 141 fois
  • Le résultat moyen est 7 sur 15
Statistiques - réponses
Par images Réponse % Correct
Tunisie
91%
France
80%
Taiwan
72%
Colombie
67%
Mongolie
63%
Monténégro / Albanie
54%
Australie
51%
Nouvelle-Zélande
49%
Malaisie
39%
Autriche
33%
Kirghizistan
32%
Guatemala
30%
Irlande
30%
Pologne
25%
Oregon
4%
Aucun quiz correspondant
Distribution des résultats
% des personnes avec chaque résultat
Percentile par nombre de réponses
Votre historique - résultats
Vous n’avez pas pris ce quiz